000 00505nam a2200217Ia 4500
003 OSt
005 20220912151748.0
006 a|||||r|||| 00| 0
007 ta
008 220909b |||||||| |||| 00| 0 eng d
024 _a39801
037 _cTextual
040 _aCSL
_beng
_cCSL
041 _aeng
082 _aG1, K01
245 0 _aLife and its marvels:Plant, animal and human
260 _c1960
300 _a192p.
_ccm.
942 _hG1, K01
_cTEXL
_2CC
999 _c74909
_d74909